| 000 | 00988nam a22002057a 4500 | ||
|---|---|---|---|
| 005 | 20260203105130.0 | ||
| 008 | 230530b |||||||| |||| 00| 0 eng d | ||
| 020 | _a9788196167004 (pbk) | ||
| 082 | _a340.1 AJJ | ||
| 100 | _aAjjappa, G.V | ||
| 245 |
_aLegal method : _ban introduction / _cG.V. Ajjappa and Sumeet Malik |
||
| 260 |
_aLucknow : _bEastern Book Company, _c2023. |
||
| 300 |
_axviii,182 p. ; _c24 cm. |
||
| 365 | _bRs. 345.00 | ||
| 505 | _aTable of Cases; I. Introduction; II. What is “Jurisprudence”?; III. Nature of Law; IV. Using a Law Library; V. Classifications of Law; VI. Source of Law; VII. Concept of a Legal System; VIII. Classification of Legal Systems; IX. Common Law Family/Tradition; X. Indian Legal System; Epilogue; APPENDICES; I. Austin’s Analysis; II. Jurisprudence; III. Definition of Law; Subject Index. | ||
| 650 | _2Legal Method | ||
| 650 | _aConcept of a Legal System | ||
| 650 | _aIndian Legal System | ||
| 942 |
_2ddc _cBK |
||
| 999 |
_c211939 _d211939 |
||